Random country to capital. (easy) - Statistics

General Stats
  • This quiz has been taken 20 times
  • The average score is 10 of 10
Answer Stats
Country Capital % Correct
United Kingdom London
100%
Spain Madrid
100%
Russia Moscow
100%
France Paris
100%
Italy Rome
100%
Germany Berlin
94%
Brazil Brasilia
94%
Canada Ottawa
89%
United States of America Washington D.C
89%
China Beijing
83%
No matching quizzes found
Score Distribution
Percent of People with Each Score
Percentile by Number Answered
Your Score History
You have not taken this quiz